[Event "Accra zt 4.4"]
[Site "Accra"]
[Date "2019.04.21"]
[Round "1"]
[White "Sovereign, Joseph"]
[Black "George, Lolomari Erekosima"]
[Result "0-1"]
[WhiteElo "1319"]
[BlackElo "2048"]
[PlyCount "55"]
[EventDate "2019.04.21"]
[EventType "swiss"]
[EventRounds "9"]
[EventCountry "GHA"]
[SourceTitle "EXT 2020"]
[Source "ChessBase"]
[SourceDate "2019.10.17"]
[SourceVersion "1"]
[SourceVersionDate "2019.10.17"]
[SourceQuality "1"]

1. e4 d6 2. d3 d5 3. Nd2 e5 4. Ngf3 Bd6 5. g3 Nf6 6. Bg2 0-0 7. 0-0 Bg4 8. Re1 Re8 9. h3 Bh5 10. g4 Bg6 11. Nh4 dxe4 12. dxe4 Bf8 13. Nxg6 hxg6 14. Nc4 Qe7 15. h4 Nbd7 16. g5 Nh5 17. Bf3 Nf4 18. Bxf4 exf4 19. Kg2 b6 20. Na3 Rad8 21. Qe2 Qe5 22. c3 f6 23. gxf6 Qxf6 24. Rh1 g5 25. Bg4 Ne5 26. h5 Nxg4 27. Qxg4 Rxe4 28. Rad1 0-1